[Event "EU-ch U14 Girls 23rd"]
[Site "Budva"]
[Date "2013.10.01"]
[Round "3"]
[White "Antonovich, Tatiana"]
[Black "Maslova, Polina"]
[Result "1/2-1/2"]
[WhiteElo "1695"]
[BlackElo "1900"]
[PlyCount "131"]
[EventDate "2013.09.29"]
[EventType "swiss"]
[EventRounds "9"]
[EventCountry "MNE"]
[SourceTitle "EXT 2014"]
[Source "ChessBase"]
[SourceDate "2013.11.20"]
[SourceVersion "1"]
[SourceVersionDate "2013.11.20"]
[SourceQuality "1"]

1. d4 d5 2. Nf3 Nf6 3. Bf4 c5 4. e3 Nc6 5. c3 Qb6 6. Qc1 Bg4 7. Nbd2 e6 8. Bd3 Be7 9. Bc2 0-0 10. Ne5 Bh5 11. h3 Nxe5 12. Bxe5 Bg6 13. 0-0 Qc6 14. Bxg6 hxg6 15. c4 Nd7 16. Nf3 cxd4 17. cxd5 Qxc1 18. Rfxc1 dxe3 19. dxe6 fxe6 20. fxe3 Rxf3 21. gxf3 Nxe5 22. Rc7 Bd6 23. Rxb7 Nxf3+ 24. Kf2 Ng5 25. Rd1 Be5 26. Rb5 Bf6 27. h4 Nf7 28. Kg3 Rc8 29. Rd7 Nh6 30. e4 Rc4 31. Kf3 Bxh4 32. Rxa7 g5 33. Rbb7 g4+ 34. Ke3 Bf6 35. Rc7 Rb4 36. Rab7 Ra4 37. a3 Ra5 38. Rc2 Rh5 39. Rg2 Rh3+ 40. Ke2 Bg5 41. Rb4 Re3+ 42. Kf2 Rd3 43. a4 g3+ 44. Ke2 Re3+ 45. Kd1 Ng4 46. a5 Nf2+ 47. Kc2 Bf4 48. a6 Rd3 49. Rc4 Rd8 50. b4 Ng4 51. Rc3 Ne3+ 52. Rxe3 Bxe3 53. Rxg3 Bb6 54. Kb3 Ra8 55. b5 Kf7 56. Rc3 Bd4 57. Rc7+ Kf6 58. Kb4 g5 59. Ka5 Ke5 60. b6 Bxb6+ 61. Kxb6 Rxa6+ 62. Kxa6 Kxe4 63. Kb5 g4 64. Kc4 g3 65. Rg7 Kf3 66. Kd4 1/2-1/2

[Event "EU-ch U14 Girls 23rd"]
[Site "Budva"]
[Date "2013.09.30"]
[Round "2"]
[White "Maslova, Polina"]
[Black "Choladze, Tea"]
[Result "0-1"]
[WhiteElo "1900"]
[BlackElo "1631"]
[PlyCount "72"]
[EventDate "2013.09.29"]
[EventType "swiss"]
[EventRounds "9"]
[EventCountry "MNE"]
[SourceTitle "EXT 2014"]
[Source "ChessBase"]
[SourceDate "2013.11.20"]
[SourceVersion "1"]
[SourceVersionDate "2013.11.20"]
[SourceQuality "1"]

1. e4 c5 2. Nf3 d6 3. Bb5+ Bd7 4. Bxd7+ Qxd7 5. 0-0 Nc6 6. Qe2 Nf6 7. Rd1 g6 8. c3 Qg4 9. d4 cxd4 10. Qb5 Qd7 11. Qe2 dxc3 12. e5 Qe6 13. Nxc3 Nxe5 14. Qb5+ Nc6 15. Qxb7 Qc8 16. Qb5 Rb8 17. Qe2 Qe6 18. Qa6 Qd7 19. b3 Bg7 20. Bb2 0-0 21. Qe2 Rfc8 22. Rab1 Qb7 23. h4 Nb4 24. Qd2 Rc5 25. a3 Nbd5 26. Na4 Rc7 27. Ba1 Rbc8 28. Ne1 e6 29. f3 h5 30. Bd4 Kh7 31. Qb2 e5 32. Bf2 Bh6 33. Qe2 Nf4 34. Qb2 Qa6 35. Kh1 Qf1+ 36. Bg1 Rc2 0-1

[Event "EU-ch U14 Girls"]
[Site "Prague"]
[Date "2012.08.20"]
[Round "4"]
[White "Maslova, Polina"]
[Black "Egyed, Viktoria"]
[Result "0-1"]
[WhiteElo "1867"]
[BlackElo "1748"]
[PlyCount "52"]
[EventDate "2012.08.17"]
[EventType "swiss"]
[EventRounds "9"]
[EventCountry "CZE"]
[SourceTitle "CBM 150 Extra"]
[Source "ChessBase"]
[SourceDate "2012.10.19"]
[SourceVersion "1"]
[SourceVersionDate "2012.10.19"]
[SourceQuality "1"]

1. e4 c5 2. Nf3 e6 3. d4 cxd4 4. Nxd4 a6 5. Bd3 Qc7 6. Qe2 d6 7. c4 Nf6 8. 0-0 Be7 9. Nc3 0-0 10. f4 Nc6 11. Nf3 b6 12. Kh1 Bb7 13. e5 dxe5 14. fxe5 Nd7 15. Bf4 Rad8 16. a3 Nc5 17. Bc2 Ba8 18. Ng5 h6 19. Qh5 Bxg5 20. Bxg5 Qxe5 21. h4 Nd4 22. Rae1 Qg3 23. Ne4 Nxe4 24. Bxe4 Bxe4 25. Rxe4 hxg5 26. hxg5 Nf5 0-1

[Event "EU-ch U14 Girls"]
[Site "Prague"]
[Date "2012.08.18"]
[Round "2"]
[White "Maslova, Polina"]
[Black "Schnegg, Anna Lena"]
[Result "1/2-1/2"]
[WhiteElo "1867"]
[BlackElo "2088"]
[PlyCount "84"]
[EventDate "2012.08.17"]
[EventType "swiss"]
[EventRounds "9"]
[EventCountry "CZE"]
[SourceTitle "CBM 150 Extra"]
[Source "ChessBase"]
[SourceDate "2012.10.19"]
[SourceVersion "1"]
[SourceVersionDate "2012.10.19"]
[SourceQuality "1"]

1. e4 e5 2. Nf3 Nc6 3. Bb5 a6 4. Ba4 Nf6 5. 0-0 Be7 6. Re1 b5 7. Bb3 d6 8. c3 0-0 9. d3 Na5 10. Bc2 c5 11. Nbd2 Qc7 12. Nf1 Re8 13. h3 Nc6 14. Bg5 h6 15. Bxf6 Bxf6 16. Ne3 g6 17. Nd5 Qd8 18. a4 Bb7 19. axb5 axb5 20. Qd2 Bg7 21. Rxa8 Bxa8 22. Ra1 Bb7 23. Nh2 Kh7 24. Bd1 f5 25. Qc2 Ne7 26. Nxe7 Qxe7 27. Bf3 f4 28. Qb3 Bc6 29. Ra6 Qb7 30. Qa2 Ra8 31. Rxa8 Qxa8 32. Qxa8 Bxa8 33. c4 Bc6 34. Nf1 Bf6 35. Nd2 Bd8 36. Kf1 Kg7 37. Ke2 b4 38. b3 Bd7 39. Nf1 Be8 40. Nh2 h5 41. Kf1 Kh6 42. Be2 g5 1/2-1/2

[Event "EU-ch U14 Girls"]
[Site "Prague"]
[Date "2012.08.17"]
[Round "1"]
[White "Vangsgaard, Freja"]
[Black "Maslova, Polina"]
[Result "0-1"]
[WhiteElo "1550"]
[BlackElo "1867"]
[PlyCount "68"]
[EventDate "2012.08.17"]
[EventType "swiss"]
[EventRounds "9"]
[EventCountry "CZE"]
[SourceTitle "CBM 150 Extra"]
[Source "ChessBase"]
[SourceDate "2012.10.19"]
[SourceVersion "1"]
[SourceVersionDate "2012.10.19"]
[SourceQuality "1"]

1. Nf3 d5 2. g3 c6 3. Bg2 Bg4 4. 0-0 Nd7 5. d3 Ngf6 6. Nbd2 e5 7. c4 Bd6 8. a3 a5 9. Re1 0-0 10. Qc2 Re8 11. b3 e4 12. dxe4 dxe4 13. Ng5 e3 14. fxe3 Qe7 15. Nge4 Bf5 16. Nxf6+ Qxf6 17. Be4 Bxe4 18. Nxe4 Qg6 19. Rd1 Bxg3 20. Nf6+ Nxf6 21. Qxg6 Bxh2+ 22. Kxh2 hxg6 23. Rd3 Re4 24. Rd4 Re6 25. Ra2 Ne4 26. Kg2 Nc5 27. Rb2 a4 28. bxa4 Rxa4 29. Rc2 f5 30. Kf3 Kf7 31. Rc3 Ra8 32. Bb2 g5 33. Rc1 Rh8 34. Kg2 Reh6 0-1